| 000 | 00556nam a2200181 i 4500 | ||
|---|---|---|---|
| 001 | 128201 | ||
| 003 | ES-MaACL | ||
| 005 | 20230906193207.0 | ||
| 007 | t| | ||
| 008 | 070625s1975 sp |||| | spa d | ||
| 100 | 1 |
_aZimmermann Zavala, Augusto. _9118279 |
|
| 245 | 1 | 3 |
_aEl plan inca _b: objetivo : revolución peruana / _cAugusto Zimmermann Zavala. |
| 250 | _a1ª ed. | ||
| 260 |
_aBarcelona : _bGrijalbo, _c1975 ( _fDiamante) |
||
| 300 |
_a352 p. ; _c20 cm. |
||
| 651 | 4 |
_aPerú- _xPolítica y gobierno- _y1968-1980. _99230 |
|
| 852 |
_aES-MaACL _jE-7888 |
||
| 999 |
_c128201 _d128201 |
||